000 00425nam a22001817a 4500
999 _c16778
_d16778
003 NUST
008 140106t xxu||||| |||| 00| 0 eng d
020 _a969-35-0510-7
038 _aASAB
082 _aFic
100 _aBano Qudsiya
_9506
240 _amom ki galian
245 _aMoom Key Galiyan
246 _amoom ki galiyan
260 _aLahore
_bSang E Meel publications
_c2010
300 _a90 P
942 _2ddc
_cBK